| 000 | 00730nam a2200229Ia 4500 | ||
|---|---|---|---|
| 001 | 9224 | ||
| 003 | GE_BSU | ||
| 008 | 181216s||||||||xx |||||||||||||| ||und|| | ||
| 040 | _cGE_BSU | ||
| 080 | _a821.353.1-1 | ||
| 100 | _aლორთქიფანიძე,ანზორ | ||
| 245 | _aდედასავით ერთადერთი | ||
| 245 | _bლექსები | ||
| 245 | _cრედ. ჯემალ დობორჯგინიძე | ||
| 260 | _aბათუმი | ||
| 260 | _bალიონი | ||
| 260 | _c1995 | ||
| 300 | _a32გვ.1ფ.პორტრ.20სმ. | ||
| 653 | _aდედასავით ერთადერთი | ||
| 653 | _aლექსები | ||
| 942 | _cBK | ||
| 999 |
_c42527 _d42527 |
||